'H' Game Quiz Stats

 Plays Quiz Updated Oct 19, 2016

Support Sporcle.
Go Orange.
Score 0/39 Timer 08:00
15 Plays Today
Thing % Correct
Helium
77%
Hydrogen
75.2%
Hamlet
72.5%
Haiti
71.7%
Honduras
65.9%
Herbert Hoover
65.3%
Hungary
65.2%
Benjamin Harrison
59.9%
William Henry Harrison
59.9%
Hera
57.7%
Honolulu, HI
56%
Helena, MT
49.6%
Hercules
48.4%
Helsinki, Finland
48%
Hermes
45.1%
Harrisburg, PA
43.3%
Hartford, CT
43%
heart
42.5%
health
39.7%
Warren Harding
36.6%
Thing % Correct
Henry V
36.4%
hands
35.1%
Henry VI (parts 1, 2 & 3)
34.3%
Havana, Cuba
34.1%
head
32.6%
Henry IV (parts 1 & 2)
32.6%
Henry VIII
31.7%
Rutherford B. Hayes
31.3%
Hanoi, Vietnam
30.3%
Hephaestus
22.4%
Harare, Zimbabwe
19.6%
Hafnium
19.5%
Hydra
18.6%
Hestia
17.4%
Holmium
14.5%
Hassium
12.8%
Honiara, Solomon Islands
12.7%
Hydrus
8.7%
Horologium
6.8%

From the Vault

Category Cracker: Television

by Purple_Parrot

We forgot to mention, you might have to figure out what the categories are too.
Remove Ads.
Support Sporcle.
Get the best of Sporcle when you Go Orange. This ad-free experience offers more features, more stats, and more fun while also helping to support Sporcle. Thank you for becoming a member.

Show Comments

Extras

Top Quizzes Today


Score Distribution

Your Account Isn't Verified!

In order to create a playlist on Sporcle, you need to verify the email address you used during registration. Go to your Sporcle Settings to finish the process.

Report this User

Report this user for behavior that violates our Community Guidelines.

Details: